000 00940 a2200229 4500
999 _c2847
_d2847
020 _a1557753113
050 0 0 _aHF1411 ISS 1992
100 _aKelly, Margaret
_eeditor
245 0 0 _aIssues and developments in international trade policy /
_cprepared by a staff team led by Margaret Kelly and Anne Kenny McGuirk ; Peter Winglee ... [et al.].
264 _aWashington, D C
_bInternational Monetary Fund
_c1992
300 _aix, 173 p. ;
440 0 _aWorld economic and financial surveys
500 _a"August 1992."
504 _aIncludes bibliographical references (p. 167-172).
650 0 _aCommercial policy.
650 0 _aInternational trade.
700 1 _aKelly, Margaret R.
_eeditor
700 1 _aMcGuirk, Anne Kenny.
_eeditor
700 1 _aWinglee, Peter.
_eeditor
942 _2lcc
_cBK
_h1411
_iISS
_k1992